| 000 | 00868nam a2200265Ia 4500 | ||
|---|---|---|---|
| 003 | OSt | ||
| 005 | 20220918165012.0 | ||
| 006 | a|||||r|||| 00| 0 | ||
| 007 | ta | ||
| 008 | 220917b |||||||| |||| 00| 0 eng d | ||
| 020 |
_a0838639801 (hbk) _c5051.61 |
||
| 024 | _a289,846 | ||
| 037 |
_b120, 19/03/2016, Mallika Books _cTextual |
||
| 040 |
_aARTS _cARTS _beng |
||
| 041 |
_2eng _aeng |
||
| 082 | _aO157,1M61:g, 111P3 | ||
| 100 |
_aHogan Patrick Colm Ed. _922048 |
||
| 245 | 0 |
_aRabindra Nath Tagore _b Universality and tradition |
|
| 260 |
_aLondon _bAssociated University Press UK _c2003 |
||
| 300 |
_a297p. _ccm. |
||
| 650 | _aBENGALI LITERATURE | ||
| 700 |
_a Pandit Lalita Ed. _922049 |
||
| 942 |
_hO157,1M61:g, 111P3 _cTEXL _2CC |
||
| 999 |
_c127753 _d127753 |
||